Wird geladen...
Advanced accouontancy, Vol.II /
| 1. Verfasser: | |
|---|---|
| Format: | Printed Book |
| Veröffentlicht: |
New Delhi :
Vikas Publishing House ,
2002.
|
| Schlagworte: |
| LEADER | 00474cam a2200145ua 4500 | ||
|---|---|---|---|
| 020 | |a 0-7069-9911-8 | ||
| 082 | 1 | 4 | |a 657.046 |b MAH-A.2 |
| 100 | 1 | |a Maheswari, S N . | |
| 245 | 1 | 0 | |a Advanced accouontancy, Vol.II / |
| 260 | |a New Delhi : |b Vikas Publishing House , |c 2002. | ||
| 300 | |a 829p ; | ||
| 650 | 0 | |a Accountancy | |
| 942 | |c BK | ||
| 999 | |c 34476 |d 34476 | ||
| 952 | |0 0 |1 0 |4 0 |6 657_046000000000000_MAHA_2 |7 0 |9 44158 |a KU |b KU |d 2015-07-05 |l 2 |o 657.046 MAH-A.2 |p MB00104 |r 2020-12-24 |s 2017-11-15 |y BK | ||